00504 2200193 4500001002100000005001500021035002000036008004100056245003400097100001400131260004400145300002500189020002200214084001900236082001100255650001400266990002100280990000900301INLIS00000000000265420250909101323 a0010-0425000010250909 0 ind 1 aKamus Elektronika /cS.W Amos aAmos, S.W aJakarta :bElex media komputindo,c1996 a444 hlm. ;c20.5 cm. a978-602-8579-25-4 aR 004.03 Amo k a004.03 4aReferensi a31/R/SMPN7SBY/16 a6837